[Event "Malatya Golden Apricot op 7th"]
[Site "Malatya"]
[Date "2024.08.30"]
[Round "7"]
[White "Maruflu, Enes Yusuf"]
[Black "Kolat, Ata"]
[Result "1-0"]
[WhiteElo "2228"]
[BlackElo "1908"]
[PlyCount "71"]
[EventDate "2024.08.26"]
[EventType "swiss"]
[EventRounds "9"]
[EventCountry "TUR"]
[SourceTitle "EXT 2025"]
[Source "ChessBase"]
[SourceDate "2024.10.14"]
[SourceVersion "1"]
[SourceVersionDate "2024.10.14"]
[SourceQuality "1"]

1. Nf3 Nf6 2. c4 e6 3. Nc3 c5 4. e3 Nc6 5. d4 cxd4 6. exd4 d5 7. a3 Be7 8. c5 0-0 9. b4 Ne4 10. Bb2 a6 11. Na4 f5 12. Bd3 Qe8 13. Nb6 Rb8 14. Qe2 Bd8 15. Nxc8 Rxc8 16. 0-0 Qh5 17. Rfe1 Bc7 18. Ne5 Qxe2 19. Rxe2 Nxe5 20. dxe5 Ng5 21. Bd4 Nf7 22. a4 Rb8 23. f4 Rfc8 24. b5 a5 25. b6 Bd8 26. Bb5 Be7 27. Rc1 Rf8 28. c6 bxc6 29. Rxc6 Nd8 30. Rc7 Bb4 31. Rec2 Rb7 32. Ba6 Rb8 33. Ra7 Nf7 34. Rcc7 g6 35. Bb5 Kg7 36. Bd7 1-0

[Event "TUR Cup"]
[Site "Denizli"]
[Date "2024.08.03"]
[Round "7"]
[White "Maruflu, Enes Yusuf"]
[Black "Torun, Kagan"]
[Result "1-0"]
[WhiteElo "2228"]
[BlackElo "1868"]
[PlyCount "73"]
[EventDate "2024.07.30"]
[EventType "swiss"]
[EventRounds "11"]
[EventCountry "TUR"]
[SourceTitle "EXT 2025"]
[Source "ChessBase"]
[SourceDate "2024.10.14"]
[SourceVersion "1"]
[SourceVersionDate "2024.10.14"]
[SourceQuality "1"]

1. e4 c5 2. Nf3 e6 3. d4 cxd4 4. Nxd4 Nf6 5. Nc3 Nc6 6. g3 Bb4 7. Bg2 d6 8. 0-0 0-0 9. Nb3 a5 10. a4 Bxc3 11. bxc3 d5 12. exd5 Nxd5 13. Ba3 Re8 14. Qf3 Qc7 15. Rfe1 Bd7 16. Nc5 Rad8 17. Ne4 Bc8 18. Rad1 Ne5 19. Qh5 Nc4 20. Bc1 Rf8 21. Qh4 f6 22. f4 Qb6+ 23. Kh1 Nde3 24. Bxe3 Rxd1 25. Bxb6 Rxe1+ 26. Bg1 Rd8 27. Qh5 Bd7 28. Qc5 Bc6 29. Qxc4 Rdd1 30. Qxe6+ Kf8 31. Qc8+ Ke7 32. Qc7+ Kf8 33. h4 Rxg1+ 34. Kh2 Rge1 35. Qxa5 Re2 36. Qc5+ Ke8 37. Qh5+ 1-0

[Event "TUR Cup"]
[Site "Denizli"]
[Date "2024.08.02"]
[Round "6"]
[White "Cakir, Ege"]
[Black "Maruflu, Enes Yusuf"]
[Result "1/2-1/2"]
[WhiteElo "1889"]
[BlackElo "2228"]
[PlyCount "69"]
[EventDate "2024.07.30"]
[EventType "swiss"]
[EventRounds "11"]
[EventCountry "TUR"]
[SourceTitle "EXT 2025"]
[Source "ChessBase"]
[SourceDate "2024.10.14"]
[SourceVersion "1"]
[SourceVersionDate "2024.10.14"]
[SourceQuality "1"]

1. d4 d5 2. Nf3 Nf6 3. g3 c5 4. Bg2 cxd4 5. 0-0 h6 6. a3 a6 7. b4 Qc7 8. Bf4 Qb6 9. Qxd4 Qxd4 10. Nxd4 Nbd7 11. Nb3 e5 12. Bd2 Nb6 13. Na5 Be7 14. c4 Nxc4 15. Nxc4 dxc4 16. Rc1 Bd6 17. Rxc4 Ke7 18. Rc1 Rb8 19. Nc3 Bd7 20. Nd5+ Nxd5 21. Bxd5 Be6 22. Bxe6 Kxe6 23. e4 Rbc8 24. Kf1 h5 25. Rxc8 Rxc8 26. Rc1 Rxc1+ 27. Bxc1 Kd7 28. Ke2 Kc6 29. Kd3 Bc7 30. a4 Bb6 31. f3 Bd4 32. Kc4 b5+ 33. axb5+ axb5+ 34. Kd3 Kd6 35. h3 1/2-1/2

[Event "TUR Cup"]
[Site "Denizli"]
[Date "2024.07.31"]
[Round "3"]
[White "Maruflu, Enes Yusuf"]
[Black "Polat, Ahmet Eren"]
[Result "1-0"]
[WhiteElo "2228"]
[BlackElo "1814"]
[PlyCount "85"]
[EventDate "2024.07.30"]
[EventType "swiss"]
[EventRounds "11"]
[EventCountry "TUR"]
[SourceTitle "EXT 2025"]
[Source "ChessBase"]
[SourceDate "2024.10.14"]
[SourceVersion "1"]
[SourceVersionDate "2024.10.14"]
[SourceQuality "1"]

1. g3 e5 2. Bg2 d5 3. b3 Nf6 4. Bb2 Bd6 5. d3 c6 6. Nd2 Qe7 7. e4 0-0 8. Ne2 dxe4 9. dxe4 Ba3 10. Bxa3 Qxa3 11. Nc4 Qe7 12. Qd6 Qxd6 13. Nxd6 Na6 14. Nc3 Nc5 15. 0-0 b6 16. Rad1 Ba6 17. Rfe1 g6 18. f4 Ne6 19. Bf1 Bxf1 20. Rxf1 Ng4 21. Nc4 b5 22. h3 bxc4 23. hxg4 Rad8 24. fxe5 Rxd1 25. Rxd1 cxb3 26. axb3 Rd8 27. Rd6 Rxd6 28. exd6 f6 29. Kf2 Kf7 30. Ke3 Ke8 31. e5 fxe5 32. Ke4 Kd7 33. Kxe5 Ng5 34. Kf6 Nf3 35. Ne4 Nd4 36. Kg7 Nxc2 37. Kxh7 g5 38. Kg6 Nd4 39. b4 Nc2 40. Kxg5 Nxb4 41. Kf5 Nd5 42. Ke5 Ne3 43. Nc5+ 1-0

[Event "Ankara Baskent Univ op 7th"]
[Site "Ankara"]
[Date "2024.07.06"]
[Round "5"]
[White "Maruflu, Enes Yusuf"]
[Black "Atanejhad, Sahebali"]
[Result "1-0"]
[WhiteElo "2141"]
[BlackElo "2018"]
[PlyCount "93"]
[EventDate "2024.07.03"]
[EventType "swiss"]
[EventRounds "9"]
[EventCountry "TUR"]
[SourceTitle "CBM 221 Extra"]
[Source "ChessBase"]
[SourceDate "2024.09.30"]
[SourceVersion "1"]
[SourceVersionDate "2024.09.30"]
[SourceQuality "1"]

1. b3 d5 2. Bb2 c5 3. e3 a6 4. g3 Nc6 5. Nf3 Bf5 6. Bg2 Nf6 7. d3 Qd6 8. 0-0 e5 9. d4 e4 10. Ne5 Qe6 11. c4 dxc4 12. bxc4 Nxe5 13. dxe5 Nd7 14. Qb3 0-0-0 15. Nc3 Nxe5 16. Nxe4 Nf3+ 17. Bxf3 Bxe4 18. Bxe4 Qxe4 19. Rfd1 Rxd1+ 20. Rxd1 f6 21. Qb6 Be7 22. Bc3 Qc6 23. Qxc6+ bxc6 24. Kf1 Re8 25. Ke2 Bd8 26. f3 Bc7 27. Kf2 Be5 28. Ba5 Bc7 29. Be1 Be5 30. h3 Re7 31. Rd3 f5 32. g4 fxg4 33. hxg4 Rb7 34. Rb3 Rxb3 35. axb3 Kd7 36. f4 Bb2 37. Kf3 g6 38. f5 Ke7 39. Bh4+ Kf7 40. Bd8 Be5 41. Bg5 h5 42. Ke4 Bc7 43. gxh5 gxh5 44. Kf3 Ba5 45. e4 Bc3 46. Kg3 Be1+ 47. Kh3 1-0